|
|
|
|
| LEADER |
00000cam a2200000 a 4500 |
| 001 |
24827 |
| 005 |
20230308173542.0 |
| 008 |
958052|1957 ||||||||r|||||||||||spa|| |
| 040 |
|
|
|b spa
|
| 082 |
0 |
|
|a 321.4
|
| 100 |
1 |
|
|a Pearson, Lester B.
|9 67249
|
| 245 |
|
|
|a La Democracia en la política mundial
|c Lester B. Pearson, trad. Dora Martínez Diaz
|h imp
|
| 264 |
|
|
|a Buenos Aires
|b Agorá
|c 1957
|
| 300 |
|
|
|a 125 páginas:
|c 18 cm
|
| 650 |
1 |
|
|a Democracia
|9 267
|
| 852 |
|
|
|a UC-CDJBV
|c ESTANTERIA CERRADA
|f Compra
|k margarita.gutierrez
|l 1
|m General
|p 19580528
|q 10,00
|r 2
|t 24827
|b 0
|d CDRC
|e CDRC
|g 321.4 ESTANTERIA CERRADA
|z 1958-80-52
|
| 942 |
|
|
|c BK
|
| 999 |
|
|
|c 43680
|d 43680
|